Gaming Quiz

Random Gaming or Letter Quiz

Isogram Risk Territories Quiz Stats

 Plays Quiz Updated Sep 26, 2018

Score 0/8 Timer 03:00
0 Plays Today
% Correct
Brazil
73.7%
China
68.7%
Iceland
60.4%
Egypt
59.3%
Peru
57.3%
Siam
48.8%
Ukraine
46.3%
Ural
37.3%

You're not logged in!

Compare scores with friends on all Sporcle quizzes.
OR
Log In

Sporcle TV

Today on Sporcle TV


Watch our educational content, quiz creation guides, and fun videos on Sporcle TV.

Show Comments

Extras

Top Quizzes Today


Score Distribution

Your Account Isn't Verified!

In order to create a playlist on Sporcle, you need to verify the email address you used during registration. Go to your Sporcle Settings to finish the process.

Report this User

Report this user for behavior that violates our Community Guidelines.

Details: